00835nam a22002177a 450000500170000001000150001702000270003203500140005903700090007308200130008210000280009524500900012325000060021326000530021927000750027230000330034770000350038094200270041599900190044295201560046120241203153741.0 aENG-142774 a9789364448642c2295.00 aEN-126306 bDBAD a332.627 aGraham, Benjamin974602 aSecurity Analysis: Principles and Techniques/cby Benjamin Graham [and] David L. Dood a7 aChennaibMcGraw Hill Education Private Ltdc2024 aAnjana Complex No. 5/90 A, Butt Road, St Thomas MountbChennaie600016 alviii,800p.c23cm(Hb)bIndex aDood, David L. eAuthor974600 2ddccENmGRAh332.6e7 c207370d207370 001040708NFICaAVbAVd2024-12-03eDelivery of Books Act Divisiong2295.00l0oGRA 332.6pEN-126306r2024-12-03 00:00:00t1v2295.00w2024-12-03yEN